000 01921nam a22001457a 4500
999 _c530979
_d530979
008 250722b ||||| |||| 00| 0 eng d
100 _aBattilana, Julie Beckman, Christine M. and Yen, Julie
_955536
245 _a On democratic organizing and organization theory
260 _aAdministrative Science Quarterly
300 _a 70(2), Jun, 2025: p.297-327
520 _aAs threats to democracy endanger the rights and freedoms of people around the world, scholars are increasingly interrogating the role that organizations play in shaping democratic and authoritarian societies. Just as societies can be more or less democratic, so, too, can organizations. This essay, in honor of ASQ’s 70th volume, argues for a deeper focus in organizational research on the extent to which organizations themselves are democratic and the outcomes associated with these varied models of organizing. First, we provide a framework for considering the extent to which organizations are democratically organized, accounting for the varied ways in which workers can participate in their organizations. Second, we call for research on the outcomes associated with democratic organizing at both the organizational and societal levels. We build from research arguing that the extent to which workers participate in organizational decision making can spill over to impact their expectations of and participation in civic life. Moving forward, we argue it is critical to recognize that questions of democracy and authoritarianism concern not only the political contexts in which organizations are embedded but also how organizations themselves are structured and contribute to society.- Reproduced https://journals.sagepub.com/doi/full/10.1177/00018392251322430
650 _aOrganizational theory, Democracy, Democratic organizing, Worker participation, Power.
_955537
773 _aAdministrative Science Quarterly
942 _cAR